书目信息 |
| 书名: | Doughwork: Using Salt Dough for Creative Home Decorating | |
| 作者: | Penny Boylan | |
| 分册号: | ||
| 分册名: | 出版地: | NEW YORK |
|
| 出版社: | National Book Network | |
| 出版时间: | 2000 | |
| 页数: | 96P | |
| 开本: | 26CM | |
| 丛书名: | ||
| 中图分类号: | ||
| 科图分类号: | ||
| 其他分类号: | TS939 | |
| 主题词: | ||
| 电子资源: | ||
| 000 | 00425nam0 2200145 450 | |
| 001 | 202012003530 | |
| 005 | 20121205165447.0 | |
| 008 | 12120501s | |
| 020 | @a9781842152294@c$12.95 | |
| 099 | @dTS939@eP416 | |
| 245 | 10 | @aDoughwork: Using Salt Dough for Creative Home Decorating@cPenny Boylan |
| 260 | @aNEW YORK@bNational Book Network@c2000 | |
| 300 | @a96P@c26CM | |
| 905 | @b15105-6 | |
| 905 | @aTSG@dTS939@eP416 | |
| Doughwork: Using Salt Dough for Creative Home Decorating / Penny Boylan.-NEW YORK : National Book Network , 2000 |
| 96P ; 26CM |
| ISBN 9781842152294$12.95 |
| ● |
| 相关链接 |
|
|
|
正题名:Doughwork: Using Salt Dough for Creative
索取号:TS939/P416
 
预约/预借
| 序号 | 登录号 | 条形码 | 馆藏地/架位号 | 状态 | 备注 |
| 1 | 15105 | 300151056 | 自科库501/400A自科库 33排2列3层/ [索取号:TS939/P416] | 在馆 | |
| 2 | 15106 | 300151065 | 自科库501/400A自科库 33排2列3层/ [索取号:TS939/P416] | 在馆 |